Tennis, Anyone? - Statistics

General Stats
  • This quiz has been taken 17 times
    10 since last reset
  • The average score is 3 of 16
Answer Stats
Question Answer % Correct
'The ball - chalk came up all over the place. Excuse me? Look man, you can't be serious. You CANNOT be serious. That ball was on the line. Chalk flew up. It was clearly in. How can you possibly call that out? How many are you going to MISS? Now he's walking over, everyone knows it's in in this whole stadium, and you call it out? Explain that to me, will you?' John McEnroe, Wimbledon 1981
75%
In general, which grip allows for the generation of more topspin, Eastern or Western? Western
75%
Who are the only two women in the Open Era to have dispensed the dreaded double bagel in a Grand Slam final? Steffi Graf (d. Natasha Zvereva at Roland-Garros 1988, 34 mins inc. rain delay) and Iga Świątek (d. Amanda Anisimova at Wimbledon 2025, 57 mins)
50%
What city was the original site of the US Open, 1881-1914? Newport, Rhode Island
25%
What does SABR stand for? Sneak Attack By Roger
25%
Who is the only player in history to have achieved the junior Grand Slam (won all four in one calendar year)? Stefan Edberg, in 1983
25%
What is the term for winning Roland-Garros and Wimbledon back-to-back? The Channel Slam
25%
Of which Grand Slam final did an internet blogger, attempting description, invoke Roger Ebert's review of James Cameron's 1986 movie Aliens: 'I don’t know how else to describe this: The movie made me feel bad. It filled me with feelings of unease and disquiet and anxiety. I walked outside and I didn’t want to talk to anyone. I was drained. I’m not sure ‘Aliens’ is what we mean by entertainment. Yet I have to be accurate about this movie: It is a superb example of filmmaking craft'? Australian Open 2012 (Novak Djokovic d. Rafael Nadal, longest major final in history, 5 hrs 53 mins, mostly ball-bouncing)
0%
Who as of 2025 is the most recent woman to win a Grand Slam with a one-handed backhand? Francesca Schiavone, Roland-Garros 2010
0%
If you have a one-handed backhand, and you find yourself drawn into a prolonged cross-court exchange on clay with a left-handed player averaging 3,200 rpm on the forehand - as a general rule, are you going to have a good time, or a bad time? Hey man, never give up
0%
Who are the two most recent women to win Roland-Garros after saving one or more match points at some stage of the tournament? Iga Świątek (in 2024, saving a match point against Naomi Osaka in R2) and Barbora Krejcikova (in 2021, saving a match point against Maria Sakkari in the semifinal)
0%
If you ever find yourself for any reason unable to make an informed comment on a match, what can you always tap your head and say? It's all mental, you know
0%
Which European monarchs are known to have died from tennis-related circumstances? James I of Scotland, Louis X of France, Charles VIII of France
0%
Who as of 2025 is the most recent woman to win a Grand Slam with a two-handed forehand? Marion Bartoli
0%
Of what species of grass are the Wimbledon courts composed? Perennial ryegrass (Lolium perenne)
0%
Of which player did an internet blogger write, in a thoroughly classical pageant of barely-veiled homoeroticism: 'Even at the peak of his game, [he] was not one who blew his opponent off the court. Perhaps because his willowy figure looked deceptively fragile, or perhaps because his game hinged on such fine precision, you sense that he was always vulnerable, that his finely tuned game could go out at any moment...But there is unimaginable exhilaration when he did pull it off'? Stefan Edberg
0%
No matching quizzes found
Score Distribution
Percent of People with Each Score
Percentile by Number Answered
Your Score History
You have not taken this quiz since the last reset